000 00810cam a22002534a 4500
001 13580479
005 20180110081521.0
008 040503s2004 nhua b 001 0 eng
010 _a 2004010387
020 _a0325006229 (alk. paper)
040 _aDLC
_cDLC
041 _aeng
042 _apcc
043 _an-us---
080 _a372.47
082 0 0 _a372.47 GRI
_222
100 1 _a46
101 _aEDU
245 1 0 _aFluency in focus :
_cMary Lee Prescott-Griffin and Nancy L. Witherell.
504 _aIncludes bibliographical references (p. 171-184) and index.
906 _a7
_bcbc
_corignew
_d1
_eecip
_f20
_gy-gencatlg
942 _2ddc
_cBK
999 _c40031
_d40031